Hanzi Needing Extra Practice - Statistics

General Stats
  • This quiz has been taken 21 times
  • The average score is 11 of 20
Answer Stats
Hint Answer % Correct
Down, under, below.
100%
Many, much, more.
92%
Almost always used as the first part of the word "what"
75%
To rise, start, get up, raise.
75%
To use. Explains how or with what you're doing something.
75%
To know or be aware of. Understanding a fact or situation.
75%
Body, self, life.
58%
"To be able" This is similar to 会 but this time it is about a physical ability rather than knowing a skill.
58%
Time, as an occurence. "One time I went there."
58%
Refers to intangible things like events, business, problems or issues.
58%
A person who, er, one who... It converts verbs and adjectives into nouns "reader, speaker, etc...".
58%
Can, will, to know how to.
50%
No, not, without.
50%
From, come from, via.
42%
Oneself, self. Rarely used by itself.
42%
Passive marker similar to "is" or "was done by" in english.
42%
-ly, adverbial modifier.
42%
Like, as if, such as, if. It's formal and somewhat poetic. I love it preceding 比 meaning for example.
33%
rearranges sentence structure preceding the object and highlighting what you're doing to it.
25%
In, at, on, to, from.
8%
No matching quizzes found
Score Distribution
Percent of People with Each Score
Percentile by Number Answered
Your Score History
You have not taken this quiz